كيف نحفظ القرآن : (Record no. 26414)
[ view plain ]
| 000 -الفاتح | |
|---|---|
| عناصر البيانات ثابتة الطول | 00705cam a2200181 i 4500 |
| 005 - تاريخ ووقت آخر معاملة | |
| حقل ضبط | 20251126090504.0 |
| 008 - عناصر البيانات ثابتة الطول | |
| عناصر البيانات ثابتة الطول | 250721s1997 le gr 000 0 ara d |
| 082 14 - رقم تصنيف ديوي العشري | |
| رقم التصنيف | 211.7/ |
| رقم المادة | غ ر ث |
| 100 1# - مدخل رئيسي – اسم شخصي | |
| الاسم الشخصي | غرث، محمد عارف |
| علاقة الشخص بالعمل/ دوره | مؤلف. |
| 245 10 - بيان العنوان | |
| العنوان | كيف نحفظ القرآن : |
| بقية العنوان | الوصايا العشر لحفظ كتاب الله مع أحكام التجويد و دعاء ختم القرآن / |
| بيان المسؤولية | تأليف العلامة محمد عارف غرث. |
| 264 31 - بيانات النشر، التوزيع…إلخ | |
| اسم الناشر، الموزع...إلخ | دار ماري، |
| تاريخ النشر، التوزيع...إلخ | 1997. |
| مكان النشر، التوزيع...إلخ | بيروت: |
| 300 ## - الوصف المادي | |
| عدد الوحدات المكونة للوعاء | 75صفحة. |
| 650 17 - مدخل إضافي بالموضوع - مصطلح موضوعي | |
| مصطلح موضوعي أو اسم جغرافي كعنصر مدخل | القرآن الكريم. |
| 650 17 - مدخل إضافي بالموضوع - مصطلح موضوعي | |
| مصطلح موضوعي أو اسم جغرافي كعنصر مدخل | علوم القرآن. |
| 650 17 - مدخل إضافي بالموضوع - مصطلح موضوعي | |
| مصطلح موضوعي أو اسم جغرافي كعنصر مدخل | فقه القرآن. |
| 942 ## - بيانات إضافية (كوها) | |
| نوع التنصيف | Dewey Decimal Classification |
| نوع المادة (كوها) | Books |
| حالة السحب | حالة الفقدان | مصدر التصنيف | حالة التلف | غير قابل للإعارة | المكتبة الرئيسية | المكتبة الحالية | موقع الرف | تاريخ التزويد | الرقم المتسلسل | Total Checkouts | رقم الإستدعاء | الباركود | تاريخ آخر ظهور | تاريخ الفاتورة | نوع المادة (كوها) |
|---|---|---|---|---|---|---|---|---|---|---|---|---|---|---|---|
| Dewey Decimal Classification | المكتبة المركزية | المكتبة المركزية | الإعارة | 06/07/2004 | 439763 | 211.7 / غ ر ث | 439763 | 28/07/2025 | 06/07/2004 | Books | |||||
| Dewey Decimal Classification | مكتبة أبو علندا العامة | مكتبة أبو علندا العامة | الإعارة | 09/08/2008 | 439785 | 211.7/غرث | PLD00033763 | 28/07/2025 | 09/08/2008 | Books | |||||
| Dewey Decimal Classification | مكتبة أم قصير والمقابلين العامة | مكتبة أم قصير والمقابلين العامة | الإعارة | 24/07/2008 | 439784 | 211.7/غرث | PLD00030710 | 28/07/2025 | 24/07/2008 | Books | |||||
| Dewey Decimal Classification | مكتبة الأميرة ايمان العامة | مكتبة الأميرة ايمان العامة | الإعارة | 28/07/2025 | 429776 | 211.7/غرث | DUP-01_429776 | 28/07/2025 | 28/07/2025 | Books | |||||
| Dewey Decimal Classification | مكتبة الجويدة | مكتبة الجويدة | الإعارة | 28/07/2025 | 439780 | 211.7/غرث | 439780 | 28/07/2025 | 28/07/2025 | Books | |||||
| Dewey Decimal Classification | مكتبة الحسن العامة | مكتبة الحسن العامة | الإعارة | 06/07/2004 | 439782 | 211.7/غرث | 439782 | 28/07/2025 | 06/07/2004 | Books | |||||
| Dewey Decimal Classification | مكتبة الحسن العامة | مكتبة الحسن العامة | الإعارة | 07/10/2018 | 439781 | 211.7/غرث | PLD00435460 | 28/07/2025 | 07/10/2018 | Books | |||||
| Dewey Decimal Classification | Unchecked | مكتبة النصر العامة | مكتبة النصر العامة | الإعارة | 28/07/2025 | 439787 | 211.7/غرث | 28/07/2025 | 28/07/2025 | Books |